| 000 | 00344nam a2200121Ia 4500 | ||
|---|---|---|---|
| 008 | 150202s9999 xx 000 0 und d | ||
| 050 |
_aFIC _bFIC |
||
| 100 | _aLevine, Sheila. | ||
| 245 |
_aIs dead and living in New York / _cSheila Levine. |
||
| 260 |
_aNew York : _bBantam Books _c1972. |
||
| 300 |
_a218 pages : _c18 cm. |
||
| 650 | _aFiction. | ||
| 999 |
_c282298 _d282298 |
||